Statistics for Arab Capitals of Culture Quiz

Click here to take the quiz!

General Stats

  • This quiz has been taken 23 times
  • The average score is 17 of 28

Answer Stats

YearCity% Correct
2013Baghdad
95%
1996Cairo
95%
2008Damascus
91%
1997Tunis
91%
2007Algiers
86%
2000Riyadh
86%
1999Beirut
82%
2010Doha
82%
2001Kuwait City
82%
2022Kuwait City
82%
2006Muscat
82%
2023Tripoli, Lebanon
82%
2014Tripoli, Libya
82%
2002Amman
77%
2003Rabat
77%
2012Manama
73%
2004Sana'a
73%
2005Khartoum
68%
2009Jerusalem
64%
2017Luxor
32%
2016Sfax
27%
1998Sharjah
18%
2015Constantine
9%
2021Irbid
9%
2019Port Sudan
9%
2020Bethlehem
0%
2018Oujda
0%
2011Sirte
0%

Score Distribution

Percentile by Number Answered

Percent of People with Each Score

Your Score History

You have not taken this quiz